000 00709nam a2200229Ia 4500
003 GCL
008 140319s9999 xx 000 0 ara d
040 _aGCL /
_cGCL
082 0 4 _a301.412
_bس م
100 1 _aسامية محمد فهمى
245 1 0 _aالمرأة فى التنمية /
_cسامية محمد فهمى
260 _a[S.N] :
_bدار المعرفة الجامعية ،
_c1992
300 _a251 ص
490 _a
650 0 4 _aمصر
650 0 4 _aالتنمية الاجتماعية
650 0 4 _aالمرأة
650 0 4 _aالمرأة فى الحياة العامة
650 0 4 _aالمرأة العاملة
650 0 4 _aالرعاية الاجتماعية
942 _2ddc
_cBK
999 _c32632
_d32632